| 000 | 00629nac a22001811u 4500 | ||
|---|---|---|---|
| 010 | _a 55008293 | ||
| 082 | 0 | 0 |
_a660 _bS5613 |
| 090 |
_c4688 _d4688 |
||
| 100 | _aShreve, Randolph Norri | ||
| 245 | 1 | 4 |
_aThe chemical process industries / _cR.Norris Shreve. |
| 250 | _a2d ed. | ||
| 260 |
_aNew York, _bMcGraw-Hill,c.1956. _cc.1956. |
||
| 300 |
_a1004 p. _billus. _c24 cm. |
||
| 490 | 0 | _aMcGraw-Hill series in chemical engineering | |
| 650 | 0 | _aChemistry, Technical. | |
| 942 |
_cBB _k660S5613 |
||
| 999 |
_c4688 _d4688 |
||